000 00843nam a2200241 a 4500
999 _c12007
_d12007
001 12007
003 BD-JhCC
005 20221107134024.0
008 210303b2018 bg a|||| ||a| 000 0 ben d
020 _a9789849238232
035 _a(BD-JhCC)12007
040 _aBD-JhCC
_dBD-JhCC
041 _abengali
082 _a823.914
_bMAS 2018
100 _aমাসেলো,রবার্ট
245 _aদ্য আইনস্টাইন প্রফেসি /
_cরবার্ট মাসেলো, অনুবাদঃ কাজী আখতারউদ্দিন ।
260 _aঢাকা :
_bরোদেলা,
_c২০১৮.
300 _a৩৩৬ পৃ. :
_c২০ সেমি.
650 _aBengali Novel
700 _aআখতারউদ্দিন, কাজী
942 _2ddc
_cBK
_022